000 00402nam a22001457a 4500
003 OSt
005 20160727222450.0
008 160704b xxu||||| |||| 00| 0 eng d
040 _cTEST
100 _92039
_a Field Enterprises Educational
245 _aThe World Book Encyclopedia A - H
260 _aLon
_b Field Enter.Edu.Cor.
_c1968
300 _aThe World Book Encyclopedia A - H
942 _2ddc
_cBK
999 _c1739
_d1739